Normal view
MARC view
Entry Término temático
001 - NÚMERO DE CONTROL
- campo de control: 89523
003 - IDENTIFICADOR DEL NÚMERO DE CONTROL
- campo de control: DO-SdBNP
005 - FECHA Y HORA DE LA ÚLTIMA TRANSACCIÓN
- campo de control: 20260511115309.0
008 - DATOS DE LONGITUD FIJA
- campo de control de longitud fija: 260511|| aza||aabn | a|a d
040 ## - FUENTE DE LA CATALOGACIÓN
- Centro catalogador/agencia de origen: DO-SdBNP
- Centro/agencia transcriptor: DO-SdBNP
150 ## - ENCABEZAMIENTO--TÉRMINO DE MATERIA
- Término de materia o nombre geográfico como elemento de entrada: Patrimonio cultural
- Subdivisión geográfica: República Dominicana
- Subdivisión geográfica: Santo Domingo
670 ## - FUENTE DE DATOS ENCONTRADOS
- Cita de la fuente: Work cat.: (DO-SdBNP)5887: Monte Urraca, Manuel E. del, 1935- 17147 autor, Mi propuesta /
